Blues Traveler Discography - Statistics

General Stats
  • This quiz has been taken 7 times
    6 since last reset
  • The average score is 7 of 19
Answer Stats
Type Year Type % Correct
Album 1994 four
100%
Album 1993 Save His Soul
100%
Album 1990 Blues Traveler
75%
Live Album 1996 Live from the Fall
50%
Album 1991 Travelers and Thieves
50%
Compilation 2002 Travelogue: Blues Traveler Classics
50%
Album 2015 Blow Up the Moon
25%
Album 2001 Bridge
25%
Album 2007 Cover Yourself
25%
Album 2018 Hurry Up & Hang Around
25%
Live Album 2004 Live on the Rocks
25%
Album 2008 North Hollywood Shootout
25%
Album 1997 Straight On till Morning
25%
Album 2012 Suzie Cracks the Whip
25%
Album 2003 Truth Be Told
25%
Compilation 2012 25
0%
Album 2005 ¡Bastardos!
0%
Compilation 2013 Icon
0%
Live Album 2002 Live: What You and I Have Been Through
0%
No matching quizzes found
Score Distribution
Percent of People with Each Score
Percentile by Number Answered
Your Score History
You have not taken this quiz since the last reset